000 00577nam a22001817a 4500
005 20251108172206.0
008 250721s1995 xx 000 0 ara d
082 1 4 _a631.6/محم
100 1 _aالزناتي، محمد راغب
245 1 0 _aالأراضي الزراعية :
_bالمشاكل و المستقبل /
264 1 _aالقاهر :
_bالمكتبة الأكاديمية،
_c1995.
300 _a221ص
650 1 7 _aإستصلاح الأراضي
650 1 7 _aالزراعية
700 1 _aبدوي، أحمد محمد
942 _2ddc
_cBK
999 _c72751
_d72751